01183 a2200217 4500003000500000005001700005010001700022020002800039040000900067082001600076100003100092245007100123260004300194300003300237440005400270505044900324650003400773942001300807999001900820952012600839Nust20220819112329.0 a 2004046249 a1580536344 (alk. paper) cNust00a621.384,BAR1 aBarbarossa, Sergio.95665410aMultiantenna wireless communications systems /cSergio Barbarossa. aBoston, Mass. :bArtech House,cc2005. axv, 448 p. :bill. ;c24 cm. 0aArtech House mobile communications library994459 aIntroduction (Page-1), Channel Models and Modes (Page-27), Multicarrier Systems (Page-91), Multi Access Systems (Page-121), Diversity And Multiplexing Gain in Open-Loop MIMO Systems (Page-175), Optimal Design of Closed Loop MIMO Systems (Page-229), Space Time Coding for Flat Fading Channels (Page-303), Space Time Coding for Frequency Selective Channels (Page-357), Space Time for Multiuser Systems (Page-381), Cooperative Networks (Page-395). 0aTelecommunication engineering cREF2ddc c188046d188046 00102ddc4070aMCSbMCScREFd2016-12-12o621.384,BARpMCS31622r2016-12-08w2016-12-12yREFzAlmirah No.23, Shelf No.3